Normale Ansicht MARC-Ansicht ISBD

Die Entwicklung der Baukunst von der Urzeit bis zur Gegenwart (Titelsatznr. 60994)

[ MARC ]
MARC-Details
000 -Satzkennung
Kontrollfeld mit fester Länge 00996cam a22003132 c4500
001 - Kontrollnummer
Kontrollfeld 1116038021
003 - Kontrollnummer Identifier
Kontrollfeld DE-627
005 - Datum und Zeit der letzten Transaktion
Kontrollfeld 20201124155139.0
007 - Feld mit fester Länge zur physischen Beschreibung - Allgemeine Information
Kontrollfeld mit fester Länge tu
008 - Feld mit fester Länge zur physischen Beschreibung - Allgemeine Angaben
Kontrollfeld mit fester Länge 950619s1931 xx ||||| 00| ||ger c
035 ## - Systemkontrollnummer
System-Kontrollnummer (DE-627)1116038021
035 ## - Systemkontrollnummer
System-Kontrollnummer (DE-576)046038027
035 ## - Systemkontrollnummer
System-Kontrollnummer (DE-599)BSZ046038027
035 ## - Systemkontrollnummer
System-Kontrollnummer (OCoLC)312516335
040 ## - Katalogisierungsquelle
Original-Katalogisierungsstelle DE-627
Katalogisierungssprache ger
Übertragungsstelle DE-627
Beschreibungsfestlegungen rakwb
Bearbeitungsstelle STAFF
041 ## - Sprachcode
Sprachcode des Textes/der Tonspur oder des separaten Titels ger
100 1# - Haupteintragung - Personenname
Personenname Hartmann, Karl Otto
IDN des Normdatensatzes oder Standardnummer (DE-627)1245534645
-- (DE-576)175534640
Code für Beziehungskennzeichnung aut
245 14 - Titel
Titel Die Entwicklung der Baukunst von der Urzeit bis zur Gegenwart
Zählung des Teils/der Abteilung eines Werkes 2
Titel eines Teils/einer Abteilung eines Werkes Mittelalter und Renaissance
Verfasserangabe etc. von K. O. Hartmann
250 ## - Ausgabebezeichnung
Ausgabebezeichnung 2. Aufl.
264 #1 - Produktion, Veröffentlichung, Distribution, Herstellung und Urheberrechtsvermerk
Herstellungs-, Veröffentlichungs- Vertriebs-, Erzeugungsort Berlin
Produzent, Herausgeber, Distributor, Hersteller Dt. Bauzeitung
Datum der Herstellung, der Veröffentlichung, des Vertriebs oder des Urheberschutzvermerks 1931
300 ## - Physische Beschreibung
Umfang VII, 347 S.
Andere physische Details mit 377 Abb.
336 ## - Inhaltstyp
Inhaltstypterm Text
Inhaltstypcode txt
Quelle rdacontent
337 ## - Medientyp
Bezeichnung des Medientyps ohne Hilfsmittel zu benutzen
Medientypcode n
Quelle rdamedia
338 ## - Datenträgertyp
Datenträgertypbezeichnung Band
Datenträgertypcode nc
Quelle rdacarrier
951 ## - EQUIVALENCE OR CROSS-REFERENCE--GEOGRAPHIC NAME/AREA NAME [OBSOLETE] [CAN/MARC only]
Geografischer Name MV
773 18 - Übergeordnete Einheit
Datensatzkontrollnummer (DE-627)1116037912
-- (DE-576)046037918
Verknüpfungsangaben 2
Zählung und erste Seite 2,2
942 ## - Zusätzliche Felder (Koha)
Klassifikation oder Aufstellungssystematik Andere/Generische Klassifikation
Koha-Medientyp Monographien
Exemplare
Ausgeschieden Verloren Klassifikation oder Aufstellungssystematik Beschädigt Nicht entleihbar Heimatbibliothek Aufenthaltsbibliothek Aufstellungsort Erwerbungsdatum Kodierter Standort-Qualifier Anzahl Ausleihen Signatur Letzte Aktivität Exemplarnummer Preis gültig von Koha-Medientyp OPAC-Notiz
    Andere/Generische Klassifikation     Stadtarchiv Frankfurt (Oder) | Archivbibliothek Stadtarchiv Frankfurt (Oder) | Archivbibliothek Magazin 24/11/2020 M   III: 1887.2 24/11/2020 122/2020 24/11/2020 Monographien Nachlass Kießling